Lʹeffect miroir : lʹimage extérieure et lʹimage intime = El efecto del espejo : la imagen exterior y la imagen íntima (Record no. 726)
[ view plain ]
| 000 -LEADER | |
|---|---|
| campo de control de longitud fija | 00569nam a22001457a 4500 |
| 008 - DATOS DE LONGITUD FIJA--INFORMACIÓN GENERAL | |
| campo de control de longitud fija | 150831b xxu||||| |||| 00| 0 eng d |
| 082 ## - NÚMERO DE LA CLASIFICACIÓN DECIMAL DEWEY | |
| Número de clasificación | 708 |
| Número de ítem | V494-l |
| 100 ## - ENTRADA PRINCIPAL--NOMBRE DE PERSONA | |
| Nombre de persona | Vergara, Juan Diego |
| 9 (RLIN) | 3403 |
| 245 ## - MENCIÓN DEL TÍTULO | |
| Título | Lʹeffect miroir : lʹimage extérieure et lʹimage intime = El efecto del espejo : la imagen exterior y la imagen íntima |
| Mención de responsabilidad, etc. | Juan Diego Vergara |
| 260 ## - PUBLICACIÓN, DISTRIBUCIÓN, ETC. | |
| Lugar de publicación, distribución, etc. | Lima: |
| Nombre del editor, distribuidor, etc. | Arcadia Mediática |
| Fecha de publicación, distribución, etc. | 2014 |
| 300 ## - DESCRIPCIÓN FÍSICA | |
| Extensión | 74 p. |
| Otras características físicas | ill.(col.) |
| Dimensiones | 24 cm. |
| 600 ## - PUNTO DE ACCESO ADICIONAL DE MATERIA--NOMBRE DE PERSONA | |
| Nombre de persona | Vergara, Juan Diego |
| Numeración | 1972 |
| Subdivisión de forma | Catálogos |
| 9 (RLIN) | 3404 |
| 650 ## - PUNTO DE ACCESO ADICIONAL DE MATERIA--TÉRMINO DE MATERIA | |
| Término de materia o nombre geográfico como elemento de entrada | Pintura erótica |
| 9 (RLIN) | 3405 |
| 650 ## - PUNTO DE ACCESO ADICIONAL DE MATERIA--TÉRMINO DE MATERIA | |
| Término de materia o nombre geográfico como elemento de entrada | Fotografía erótica gay |
| 9 (RLIN) | 3406 |
| Estatus retirado | Estado de pérdida | Fuente del sistema de clasificación o colocación | Estado de daño | No para préstamo | Biblioteca de origen | Biblioteca actual | Ubicación en estantería | Fecha de adquisición | Total de préstamos | Signatura topográfica completa | Código de barras | Visto por última vez | Fecha del último préstamo | Precio de reemplazo | Tipo de ítem Koha |
|---|---|---|---|---|---|---|---|---|---|---|---|---|---|---|---|
| Clasificación Decimal Dewey | Biblioteca LadoV | Biblioteca LadoV | 31/08/2015 | 1 | 708 V494-l | 004088 | 04/08/2018 | 22/06/2018 | 31/08/2015 | Material 01 |
